000 00734nam a2200193 a 4500
001 BRCA_1513
005 20190320203446.0
008 880113s1986 mx-a---##b---f100-0#spa-#
020 _a9682911346
050 4 _aND259.R5
_b.S55 1986
245 1 0 _aDiego Rivera hoy
_bsimposio sobre el artista en el centenario de su natalicio.
260 _aMéxico
_bINBA : SEP
_c1986
300 _ax, 256 p.
_bil.
_c24 cm.
500 _aTítulo en la portada : Diego Rivera, 1886-1986
500 _aCatálogo del simposium realizado en la Sala Manuel M. Ponce, Palacio de Bellas Artes (Ciudad de México), 25-29 agosto, 1986
600 1 4 _aRivera, Diego
_d1886-1957
_xCriticismo en el arte
_94920
740 0 _aDiego Rivera, 1886-1986
942 _2lcc
_cB
999 _c1368
_d1368